ប្រភពជីវិត​ : (Record no. 6280)

MARC details
000 -LEADER
fixed length control field 01719nam a22002777a 4500
001 - CONTROL NUMBER
control field 6280
003 - CONTROL NUMBER IDENTIFIER
control field FISKH
005 - DATE AND TIME OF LATEST TRANSACTION
control field 20250530105611.0
008 - FIXED-LENGTH DATA ELEMENTS--GENERAL INFORMATION
fixed length control field 250408b cb ||||| |||| 00| 0 eng d
020 ## - INTERNATIONAL STANDARD BOOK NUMBER
International Standard Book Number 9789996388033
040 ## - CATALOGING SOURCE
Original cataloging agency FISKH
Language of cataloging khr
Transcribing agency FISKH
Modifying agency FISKH
050 ## - LIBRARY OF CONGRESS CALL NUMBER
Classification number PZ7
082 ## - DEWEY DECIMAL CLASSIFICATION NUMBER
Classification number 570
100 ## - MAIN ENTRY--PERSONAL NAME
Personal name Socheata, Soth
245 ## - TITLE STATEMENT
Title ប្រភពជីវិត​ :
Remainder of title The source of life /
Statement of responsibility, etc. និពន្ធដោយ : អ្នកស្រី សុត សុជាតា​
250 ## - EDITION STATEMENT
Edition statement បោះពុម្ពលើកទី១នៅ ប្រទេសកម្ពុជា​ ខែមករា ឆ្នាំ២០១៥
260 ## - PUBLICATION, DISTRIBUTION, ETC.
Place of publication, distribution, etc. ភ្នំពេញ :
Name of publisher, distributor, etc. គ្រឺះស្ថានបោះពុម្ពផ្សាយសៀវភៅប្រាជ្ញា ,
Date of publication, distribution, etc. 2015.
300 ## - PHYSICAL DESCRIPTION
Extent 53 pages :
Other physical details color illustrations ;
Dimensions 18 cm .
520 ## - SUMMARY, ETC.
Summary, etc. ក្នុងរឿងនេះបង្ហាញពីទំនាក់ទំនងស្នេហារវាងបុរសជនជាតិខ្មែរកាត់ឡាវឈ្មោះ សុណាម និង​​ នារីខ្មែរម្នាក់ ឈ្មោះ សុផល​ នៅខេត្តក្រចេះ ដែលពួកគេបានជួបគ្នានៅក្នុងកម្មវិធីមហាសន្និបាតមួយ ។​
520 ## - SUMMARY, ETC.
Summary, etc. This story depicts the love affair between a Cambodian man of Lao descent named Sonam and a Cambodian woman named Sophal in Kratie province, who met at a convention.
650 ## - SUBJECT ADDED ENTRY--TOPICAL TERM
Topical term or geographic name entry element ប្រភពជីវិត
650 ## - SUBJECT ADDED ENTRY--TOPICAL TERM
Topical term or geographic name entry element The source of life
700 ## - ADDED ENTRY--PERSONAL NAME
Personal name San, Thai
Relator term illustrator
942 ## - ADDED ENTRY ELEMENTS (KOHA)
Source of classification or shelving scheme Dewey Decimal Classification
Koha item type Books
Suppress in OPAC No
Holdings
Withdrawn status Lost status Source of classification or shelving scheme Damaged status Not for loan Collection Home library Current library Shelving location Date acquired Total Checkouts Full call number Barcode Date last seen Date last checked out Copy number Price effective from Koha item type
    Dewey Decimal Classification     Khmer-English Bilingual / ភាសាខ្មែរ-អង់គ្លេស Footprints International School Library Network Toul Tom Poung Campus Footprints International School Library Network Toul Tom Poung Campus TTP Secondary Khmer Bookshelves 04/08/2025 1 SOC PZ7 570 FIS05503 12/19/2025 12/01/2025 1 04/08/2025 Books
    Dewey Decimal Classification     Khmer-English Bilingual / ភាសាខ្មែរ-អង់គ្លេស Footprints International School Library Network Toul Tom Poung Campus Footprints International School Library Network Toul Tom Poung Campus TTP Primary Khmer Bookshelves 04/08/2025   SOC PZ7 570 FIS05505 04/08/2025   2 04/08/2025 Books
    Dewey Decimal Classification     Khmer-English Bilingual / ភាសាខ្មែរ-អង់គ្លេស Footprints International School Library Network Toul Tom Poung Campus Footprints International School Library Network Toul Tom Poung Campus TTP Secondary Khmer Bookshelves 04/08/2025   SOC PZ7 570 FIS05507 04/08/2025   3 04/08/2025 Books
    Dewey Decimal Classification     Khmer-English Bilingual / ភាសាខ្មែរ-អង់គ្លេស Footprints International School Library Network Toul Tom Poung Campus Footprints International School Library Network Toul Tom Poung Campus TTP Secondary Khmer Bookshelves 04/08/2025   SOC PZ7 570 FIS05504 04/08/2025   4 04/08/2025 Books
    Dewey Decimal Classification     Khmer-English Bilingual / ភាសាខ្មែរ-អង់គ្លេស Footprints International School Library Network Toul Tom Poung Campus Footprints International School Library Network Toul Tom Poung Campus TTP Secondary Khmer Bookshelves 06/09/2025   SOC PZ7 570 FIS05506 06/09/2025   5 06/09/2025 Khmer Books
    Dewey Decimal Classification     Khmer-English Bilingual / ភាសាខ្មែរ-អង់គ្លេស Footprints International School Library Network Toul Tom Poung Campus Footprints International School Library Network Toul Tom Poung Campus TTP Secondary Khmer Bookshelves 06/09/2025   SOC PZ7 570 FIS05502 06/09/2025   6 06/09/2025 Khmer Books